000 00906nam a2200229 i 4500
001 47740
003 ES-MaACL
005 20251002201031.0
007 t|
008 030521s1902 sp ||||1| spa d
080 _a821.134.2-31"18"
100 1 _aBonilla y San Martín, Adolfo,
_d1875-1926
_930193
245 1 3 _aLa hostería de Cantillana :
_bnovela del tiempo de Felipe IV /
_cpor el Bachiller Alonso de San Martín [seud.] ; dibujos de R. Marín.
260 _aMadrid :
_bB. Rodríguez Serra,
_c1902 (
_fImp. de A. Pérez y Cª)
300 _a350 p. :
_bil. ;
_c19 cm.
530 _aDisponible en formato digital.
700 1 _aMarín, Ricardo,
_d1874-1955
_976757
852 4 _aES-MaACL
_jD-2504
_cSVI
_zRevisado enlace: 14 de julio de 2025
856 4 _uhttps://archive.org/details/lahosteradecanti00boni/page/n3/mode/2up
_yInternet Archive
942 _2udc
999 _c47740
_d47740